| 000 | 00546nam a2200205Ia 4500 | ||
|---|---|---|---|
| 003 | GCL | ||
| 008 | 140319s9999 xx 000 0 ara d | ||
| 040 |
_aGCL / _cGCL |
||
| 082 | 0 | 4 |
_a011.552 _bج ت |
| 100 | 1 | _aجروليية، اريك دى | |
| 245 | 1 | 0 |
_aتاريخ الكتاب / _cجروليية، اريك دى |
| 700 | 1 | _aحسن محمود | |
| 700 | 1 | _aخليل صابات | |
| 260 |
_a[S.N] : _bمكتبة نهضة مصر |
||
| 300 | _a219 ص | ||
| 490 | _a | ||
| 650 | 0 | 4 | _aتاريخ |
| 650 | 0 | 4 | _aالكتب |
| 942 |
_2ddc _cBK |
||
| 999 |
_c58853 _d58853 |
||